LEADER 01115nam a2200205 i 4500 001 000000193964 003 CaOOAMICUS 005 20101102000000.0 008 101102s1589 it u000 u ita u 013 $a172609 040 $aSeMil$bita 245 10$aTrattato spirituale intitolato Epistola di Giesu Christo Signor nostro all'anima fedele, nuovamente tradotto di latino in volgare. 260 $aVenezia :$bpresso Altobello Salicato,$c1589. 300 $a7 x 12 ;$ccc. 180 ;$crom. 500 $aDescrizione da : Incunaboli e Cinquecentine della Biblioteca del Seminario di Milano / catalogo a cura di Ubaldo Valentini, Milano 1981. - Numero di catalogo : 988. 700 1 $aLandsberg, Johann,$d<1489-1539>.$0(OLS)http://semarc/name/40642 850 $aSeMil 852 $aSeMil$W1$xVenegono$y1$mFV.B I 35$j144538$B144538$CSeMilBibl$Z2$F155830 $86 996 $6245$aTrattato spirituale intitolato Epistola di Giesu Christo Signor nostro all'anima fedele, nuovamente tradotto di latino in volgare$9(OLS)http://semarc/title/279614 996 $6260$aVenezia :$bpresso Altobello Salicato$9(OLS)http://semarc/publisher/47588 LEADER 00505nas a2200169 i 4500 001 000000194805 003 CaOOAMICUS 005 20101125000000.0 008 101125b1913 it uu u0 0ita r 013 $a173466 040 $aSeMil$bita 245 10$a1913 :$b[2]. 774 0 $t[Maggio-Agosto].$w()274204 850 $aSeMil 852 $aSeMil$W1$xVenegono$y1$m111 4 2$j145374$B145374$CSeMilBibl$Z2$F156934 $82 961 $aRecupero: Scuola Cattolica 996 $6245$a1913 :$b[2]$9(OLS)http://semarc/title/280950